000 00447nam a2200145Ia 4500
008 100204s9999 xx 000 0 und d
082 _b11848
100 _aबुलबुले रविकिरण
245 _aअक्षर दिवे
260 _bनीहारा प्रकाशन पुणे
_c1989
300 _a68
630 _aअक्षर दिवे
730 _aअक्षर दिवे
942 _cBOOK
999 _c456260
_d456257